Kluby Ligue 1 2024/25 - Statystyki

Ogólne statystyki
  • Ten quiz został rozwiązany 9 razy
  • Średni wynik to 14 z 18
Statystyki odpowiedzi
nr nazwa % Poprawnych
8. Lens
100%
6. Olympique Lyon
100%
2. Olympique Marsylia
100%
1. Paris Saint-Germain
100%
7. Strasbourg
100%
3. AS Monaco
86%
5. LOSC Lille
86%
9. Stade Brestois 29
86%
12. Stade de Rennes
86%
13. FC Nantes
71%
18. Montpellier HSC
71%
4. OGC Nice
71%
16. Reims
71%
17. Saint-Etienne
71%
14. Angers
57%
15. Le Havre AC
57%
10. Toulouse FC
57%
11. AJ Auxerre
43%
Nie znaleziono quizów pasujących do podanych kryteriów
Rozkład punktacji
Procent ludzi z każdym wynikiem
Percentyl według liczby udzielonych odpowiedzi
Twoja historia wyników
Nie rozwiązałeś tego quizu